Délmagyarország. - 1962. április 29., Vasárnap
Elmentve itt :
| Dokumentumtípus: | Újság |
|---|---|
| Megjelent: |
1962-04-29
|
| Sorozat: | Délmagyarország
52 No. 99 |
| Online Access: | http://dmarchiv.bibl.u-szeged.hu/15589 |
| LEADER | 00491nas a2200145 i 4500 | ||
|---|---|---|---|
| 001 | delm15589 | ||
| 005 | 20200414161224.0 | ||
| 008 | 171215s1962 hu n o 0|| hun d | ||
| 022 | |a 0133-025X | ||
| 040 | |a SZTE Délmagyarország Archívum |b hun | ||
| 041 | |a hun | ||
| 245 | 0 | 0 | |a Délmagyarország. - 1962. április 29., Vasárnap |h [elektronikus dokumentum] |
| 260 | |c 1962-04-29 | ||
| 490 | 0 | |a Délmagyarország |v 52 No. 99 | |
| 856 | 4 | 0 | |u http://dmarchiv.bibl.u-szeged.hu/15589/1/dm_1962_099.pdf |z Dokumentum-elérés |